000
00324pab a2200145 454500
008
180718b1998 xxu||||| |||| 00| 0 eng d
100
_a
Reddy, P.H.
245
_a
India's population fact-sheet
260
_c
1998
300
_a
p.8
362
_a
11 Jul
650
_a
Population
773
_a
Deccan Herald
909
_a
39434
999
_c
39434
_d
39434